000
00301nam a22001337a 4500
008
171017b xxu||||| |||| 00| 0 eng d
020
_a
9780470116173
041
_a
eng
080
_2
6TH
_a
338
100
_a
53
101
_a
MEN
245
_a
MANAGING THE BUSINESS PROJECT
_c
WILEY,J
942
_2
udc
_c
BK
999
_c
34505
_d
34505